Responses for Show #6584 - Thursday, April 11, 2013

Contestants

[<< previous game]

Diane Mezzanotte, an analyst for the federal government from Laurel, Maryland

Brad Tytel, a global health consultant from Brooklyn, New York

Adam Holquist, an environmental engineer from Erie, Pennsylvania (whose 2-day cash winnings total $36,299)

[next game >>]

Jeopardy! Round responses

A PLACE IN THE SUN
STOCK SYMBOL SHOPPING
ADAM SANDLER FILMS BY ROLE
MONARCHS OF ENGLAND
LAW SLAW
3-"D"
(Alex: "D" in quotation marks because there will be three "D"s in each correct response.)
    $200 11
Honolulu

Adam
    $200 1
Macy's

Diane
    $200 21
Anger Management

Diane
    $200 26
1066

Brad
    $200 16
civil

Adam
    $200 6
(Brad: What is deflected?)
...
(Alex: There are three "D"s in [*], but not in deflected.)

dodged

AdamBrad
    $400 12
Atacama

Adam
    $400 2
(Brad: [*]? Uh, I'm sorry. What is [*]?)

Gap

Brad
    $400 22
Hotel Transylvania

Adam
    $400 27
George III

Brad
    $400 17
reckless

Adam
    $400 7
dredged

Adam
    $600 13
Yuma

Adam
    $600 3
Foot Locker

Adam
    $600 23
Big Daddy

Triple Stumper
    $1,200 28
(Alex: Yes, second only to Queen Victoria.)

Elizabeth II

Brad
    $600 18
grand jury

Triple Stumper
    $600 8
(Diane: What is diamond-studded?)

star-studded

AdamDiane
    $800 14
Spain

Adam
    $800 4
Men's Wearhouse

Brad
    $800 24
Happy Gilmore

Brad
    $800 29
John

Adam
    $800 19
chattel

Adam
    $800 9
wedding band

Brad
    $1000 15
Pueblo

Diane
    $1000 5
GameStop

Adam
    $1000 25
(Brad: What is Don't Mess with the Zohan?)
(Adam: What is Don't Mess with the Zoltan?)
...
(Alex: Brad was closer. What is [*]?)

You Don't Mess with the Zohan

AdamBrad
Triple Stumper
    $1000 30
Charles II

Adam
    $1000 20
associate

Adam
    $1000 10
(Alex: You're into it now, and we're out of clues in that category. Go somewhere else.)

sidesaddle

Brad

Scores at the first commercial break (after clue 15):

Adam Brad Diane
$4,800 $2,800 $600

Scores at the end of the Jeopardy! Round:

Adam Brad Diane
$8,400 $4,400 $800

Double Jeopardy! Round responses

ON THE GREEK DEITY'S RESUMÉ
"WIND"Y TALK
DOGS & CATS IN LITERATURE
GENERAL SCIENCE
BELA
THE BALL
    $400 10
Zeus

Adam
    $400 1
woodwind

Diane
    $400 13
Barbara Bush

Adam
    $400 14
(Ivan) Pavlov

Adam
    $400 6
Bela Lugosi

Diane
    $400 7
Augusta

Brad
    $5,000 23
(Alex: Less than a minute to go now.)

Athena

Adam
    $800 2
windbreaker

Diane
    $800 26
Old Yeller

Adam
    $800 15
catalyst

Adam
    $800 8
Béla Károlyi

Triple Stumper
    $800 19
NFL referees

Brad
    $1200 24
(Brad: Who is Dionosis?)
[After Brad's response, Alex gave the correct pronunciation of [*] and then accepted Brad's response as correct.]

Dionysus

Brad
    $1200 3
windmills

Triple Stumper
    $1200 27
(Brad: Who are cats?)
(Alex: Be more specific.)
(Brad: Uh, uh...)
[The end-of-round signal sounds.]

Practical Cats

Brad
Triple Stumper
    $5,000 16
metamorphic

Adam
    $1200 9
(Adam: What is $5?)
...
(Alex: The eagle was worth $10, so the quarter was [*].)

$2.50

Adam
Triple Stumper
    $1200 20
University of Notre Dame

Diane
    $1600 25
Eros

Adam
    $1600 4
windsurfing

Diane
    $1600 17
iodine

Adam
    $1600 11
Béla Fleck

Adam
    $1600 21
the Clippers

Adam
    $2000 5
(Alex: [*], yes. We didn't fool you.)

windscreen

Adam
    $2000 18
(Brad: What is silicone?)
(Diane: What is silicon?)
...
(Alex: You are both so very close. What is [*]? -C-A, not O-N or O-N-E.)

silica

BradDiane
Triple Stumper
    $2000 12
Béla Bartók

Diane
    $2000 22
Satchel Paige

Adam

Scores at the end of the Double Jeopardy! Round:

Adam Brad Diane
$30,400 $3,600 $5,200
(lock game)

[wagering suggestions for these scores]

Final Jeopardy! Round responses

WORLD CITIES
(Alex: Where did most of the early explorers wind up? In the Caribbean, right?)
BradWhat is Santa Fe
$1,700
DianeWhat is ?
$2,000
AdamWhat is San Juan
$9,600
San Juan, Puerto Rico

Final scores:

Adam Brad Diane
$40,000 $1,900 $3,200
3-day champion: $76,299 3rd place: $1,000 2nd place: $2,000

Game dynamics:

Coryat scores:

Adam Brad Diane
$22,400 $3,000 $5,200
29 R
(including 2 DDs),
2 W
11 R
(including 1 DD),
4 W
9 R,
2 W

Combined Coryat: $30,600

[game clues] [game scores] [suggest correction]

Game tape date: 2012-11-28
The J! Archive is created by fans, for fans. Scraping, republication, monetization, and malicious use prohibited; this site may use cookies and collect identifying information. See terms. The Jeopardy! game show and all elements thereof, including but not limited to copyright and trademark thereto, are the property of Jeopardy Productions, Inc. and are protected under law. This website is not affiliated with, sponsored by, or operated by Jeopardy Productions, Inc. Join the discussion at JBoard.tv.